| 000 | 00368nam a2200133 i 4500 | ||
|---|---|---|---|
| 001 | bg | ||
| 100 | 1 | _aOBERSKI, Andrzej | |
| 245 | 0 |
_aAutomatyzacja zarządzania produkcją budowlaną przy zastosowaniu ETO-System "N-W" / _cAndrzej Oberski. |
|
| 260 |
_aWarszawa, _c1976. |
||
| 040 | _cBPK | ||
| 041 | _apol | ||
| 942 | _cKS | ||
| 008 | s pl f |000 0 pol | ||
| 999 |
_c18225 _d18225 |
||
| 856 |
_uhttp://koha.tu.koszalin.pl/cgi-bin/koha/opac-detail.pl?biblionumber=18225 _yKatalog online BPK |
||